Представление документа в формате MARC21

Поле Инд. ПП Название Значение
Тип записи a
Библиографический уровень m
001 Контрольный номер RU/IS/BASE/330790442
005 Дата корректировки 20230615115356.6
008 Кодируемые данные 20100401
020 a ISBN 978-5-9558-0086-8
084 a Индекс другой классификации/Индекс ББК 60.55-42я73; 60.832я73; 60.821.5я73
090 a Полочн. индекс 60.55-42я73
x Авторский знак Г 55
100 1_ a Автор Глумаков В. Н.
245 10 a Заглавие Организационное поведение
b Продолж. заглавия учебное пособие
c Ответственность рецензенты В. В. Гребеник, В. И. Кузнецов
250 a Основные сведения об издании 2-е изд.
260 c Дата издания 2009
b Издательство Вузовский учебник
a Место издания Москва
300 a Объем 352 с.
336 a Термин вида содержания Текст
337 a Термин типа средства непосредственный
504 a Библиография Словарь осн. понят.: с. 330-348. - Лит.: с. 349-350
521 0_ a Примеч. о целев. назн. студенты
541 1_ a Номер заявки 2423
b Заявитель Захаров Н.И.
c Факультет/Кафедра/Подразделение Кафедра государственного и муниципального управления
d Дата заявки 19.11.2013
f Дисциплина Организационное поведение
n Количество экземпляров 10
650 04 a Основная рубрика организационное поведение
a Основная рубрика социология
a Основная рубрика социология организаций
653 0_ a Ключевые слова бизнес
a Ключевые слова бихевиоризм
a Ключевые слова взаимоотношения
a Ключевые слова гуманистическая психология
a Ключевые слова конфликты
a Ключевые слова лидерство
a Ключевые слова личность
a Ключевые слова международная организация
a Ключевые слова методы руководства
a Ключевые слова мотивация
a Ключевые слова общение
a Ключевые слова организационная культура
a Ключевые слова организация
a Ключевые слова персонал
a Ключевые слова поведение
a Ключевые слова психология личности
a Ключевые слова разрешение конфликтов
a Ключевые слова руководители
a Ключевые слова теории поведения
a Ключевые слова теории психоанализа
a Ключевые слова управление
a Ключевые слова управление персоналом
a Ключевые слова управление поведением
655 a Жанр/ форма (устаревшее) учебное пособие
700 12 a Автор Гребеник В. В.
e Роль лиц рецензент
700 1_ a Автор Кузнецов В. И.
e Роль лиц рецензент
787 18 w Контрольный номер связываемой записи RU/IS/BASE/451405339
900 a Имя электронного ресурса obl_Glumakov_OP
x Справочная информация Обложка
901 t Тип документа m
952 a Тип литературы для КСУ ВШ УИ
954 a Гриф 1.2.2.653